| 000 | 01260nam0a2200337 4500 | ||
|---|---|---|---|
| 001 | RU\NLR\BIBL_A\012561553 | ||
| 005 | 20210812143644.0 | ||
| 010 |
_a978-5-04-117501-6 _92000 |
||
| 021 |
_aRU _bКН-П-21-014862 _9КН-П-21-1177 |
||
| 035 | _a(NLR Aleph) 012561553 | ||
| 090 |
_a12462602 _c12462602 |
||
| 100 | _a20210709d2021 u y0rusy50 ca | ||
| 101 | 1 |
_arus _ceng |
|
| 102 | _aRU | ||
| 105 | _ay z 000ay | ||
| 181 | 0 |
_ai4 _baxxe |
|
| 182 | 0 | _an | |
| 200 | 1 |
_aМаскарад _aCarpe Jugulum _eроманы _fТерри Пратчетт _g[перевод с английского С. Увбарх и др.] |
|
| 203 |
_aТекст _bвизуальный _cнепосредственный |
||
| 210 |
_aМосква _cЭксмо _d2021 |
||
| 215 |
_a636, [3] с. _d22 |
||
| 311 | _aЗаключит. романы из цикла "Плоский мир" | ||
| 333 | _a16+ | ||
| 488 | 0 |
_12001#$aПлоский мир$eцикл _tПлоский мир |
|
| 686 | 1 | _aШ6(4Вл)67-445{Лх1299-62} | |
| 700 | 1 |
_4070 _7ca _8rus _aПратчетт _bТ. _f1948-2015 _gТерри _922947 _3RU\NLR\AUTH\7739986 |
|
| 942 | _cBOOK | ||
| 980 | _aNB | ||